| 000 | 00000nam##2200000za#4500 |
| 001 | 9.644131 |
| 003 | CaOODSP |
| 005 | 20210624224512 |
| 007 | cr ||||||||||| |
| 008 | 150407|2015||||xxc|||||o f|0| 0 fre|d |
| 020 | |a978-0-660-23150-1 |
| 040 | |aCaOODSP|bfre |
| 043 | |an-cn--- |
| 086 | 1 |aEn4-144/62-2015F-PDF |
| 110 | 1 |aCanada. |bEnvironnement Canada. |
| 245 | 10|aSources des données et méthodes de l'indicateur sur la gestion de la qualité des effluents des mines de métaux au Canada |h[ressource électronique] |
| 246 | 17|aIndicateurs canadiens de durabilité de l’environnement |
| 260 | |aOttawa - Ontario : |bEnvironnement Canada |cJanvier 2015. |
| 300 | |a7p.|bréférences, tableaux |
| 590 | |a15-06|b2015-02-06 |
| 691 | 07|aIndustrie minière|2gcpds |
| 775 | 08|tData sources and methods for the Managing Metal Mining Effluent Quality indicator |w(CaOODSP)9.700237 |
| 856 | 40|ahttp://publications.gc.ca|qPDF|s422 Ko|uhttps://publications.gc.ca/collections/collection_2015/ec/En4-144-62-2015-fra.pdf |